Spisy 1

Bibliographic Details
Main Author: Majakovskij, Vladimir Vladimirovič, 1893-1930 (Author)
Format: Book
Language:Czech
Russian
PhysicalDescription:415 s.
Published: Praha SNKLHU 1956
Subjects:

MARC

LEADER 00000cam a2200000 a 4500
001 vtls001357727
003 SK-MaSNL
005 20260301010548.0
008 240314s1956 xr 0 cze
035 |a SNK000311232 
040 |a SNK  |b slo  |c SNK  |e AACR2 
041 |a cze  |h rus 
044 |a xr  |c CZ 
080 |a 821.161.1-1  |2 2001 
100 1 |a Majakovskij, Vladimir Vladimirovič,  |d 1893-1930  |4 aut  |9 107268 
245 1 0 |a Spisy 1 
260 |a Praha  |b SNKLHU  |c 1956 
300 |a 415 s. 
650 0 7 |a ruská poézia  |2 SNKPH  |9 66518 
852 |a Štátna vedecká knižnica v Banskej Bystrici 
999 |c 548488  |d 550418 
952 |t P60, <05>, [BOOK], {605}  |a SNK  |b SNK  |y PREZ  |7 0  |p 17A0182810  |o snkIC 14753/1  |0 0  |1 0  |4 0  |d 1999-03-15  |l 0  |r 2005-01-02 00:00:00  |w 2026-02-23